10 najlepszych polskich klubów w tabeli wszechczasów - Statystyki

Ogólne statystyki
  • Ten quiz został rozwiązany 107 razy
  • Średni wynik to 8 z 10
Statystyki odpowiedzi
L.p Odpowiedź Punkty % Poprawnych
1. Legia Warszawa 3595
100%
4. Lech Poznań 2489
98%
2. Wisła Kraków 2927
94%
3. Górnik Zabrze 2553
89%
5. Ruch Chorzów 2460
84%
7. Pogoń Szczecin 1790
76%
8. Śląsk Wrocław 1684
76%
9. Widzew Łódź 1489
76%
6. ŁKS Łódź 1809
71%
10. Zagłębie Lubin 1484
57%
Nie znaleziono quizów pasujących do podanych kryteriów
Rozkład punktacji
Procent ludzi z każdym wynikiem
Percentyl według liczby udzielonych odpowiedzi
Twoja historia wyników
Nie rozwiązałeś tego quizu